Sports Quiz

Random Sports Quiz

Complete the Card: Unforgiven 2001 Quiz Stats

 Plays Quiz not verified by Sporcle

Score 0/25 Timer 03:00
0 Plays Today
Match Type Wrestler % Correct
Match 4 - Tag Team Match for the WCW Tag Team ChampionshipThe Undertaker
97.9%
Match 4 - Tag Team Match for the WCW Tag Team ChampionshipKane
97.9%
Match 6 - Handicap Match for the WCW ChampionshipThe Rock
97.1%
Match 8 - Singles Match for the WWF ChampionshipSteve Austin
96.2%
Match 1 - Fatal 4-Way Elimination Match for the WWF Tag Team ChampionshipBubba Ray Dudley
95.8%
Match 1 - Fatal 4-Way Elimination Match for the WWF Tag Team ChampionshipD-Von Dudley
95.8%
Match 1 - Fatal 4-Way Elimination Match for the WWF Tag Team ChampionshipSpike Dudley
95.4%
Match 3 - Singles Match for the WWF Intercontinental ChampionshipEdge
95.4%
Match 8 - Singles Match for the WWF ChampionshipKurt Angle
95%
Match 3 - Singles Match for the WWF Intercontinental ChampionshipChristian
93.7%
Match 6 - Handicap Match for the WCW ChampionshipBooker T
93.7%
Match 1 - Fatal 4-Way Elimination Match for the WWF Tag Team ChampionshipMatt Hardy
93.3%
Match 1 - Fatal 4-Way Elimination Match for the WWF Tag Team ChampionshipJeff Hardy
93.3%
Match Type Wrestler % Correct
Match 5 - Hardcore Match for the WWF Hardcore ChampionshipChris Jericho
91.2%
Match 5 - Hardcore Match for the WWF Hardcore ChampionshipRob Van Dam
86.6%
Match 1 - Fatal 4-Way Elimination Match for the WWF Tag Team ChampionshipBig Show
85.7%
Match 6 - Handicap Match for the WCW ChampionshipShane McMahon
84.5%
Match 7 - Singles Match for the WCW United States ChampionshipTajiri
80.7%
Match 7 - Singles Match for the WCW United States ChampionshipRhyno
80.3%
Match 1 - Fatal 4-Way Elimination Match for the WWF Tag Team ChampionshipLance Storm
77.7%
Match 4 - Tag Team Match for the WCW Tag Team ChampionshipBrian Adams
71.8%
Match 4 - Tag Team Match for the WCW Tag Team ChampionshipBryan Clark
67.6%
Match 2 - Singles MatchRaven
64.7%
Match 1 - Fatal 4-Way Elimination Match for the WWF Tag Team ChampionshipThe Hurricane
60.1%
Match 2 - Singles MatchPerry Saturn
56.3%

You're not logged in!

Compare scores with friends on all Sporcle quizzes.
OR
Log In

Show Comments

Extras

Top Quizzes Today


Score Distribution

Your Account Isn't Verified!

In order to create a playlist on Sporcle, you need to verify the email address you used during registration. Go to your Sporcle Settings to finish the process.

Report this User

Report this user for behavior that violates our Community Guidelines.

Details: